000 00460nam a22001697a 4500
005 20251108172206.0
008 250721s1999 xx 000 0 ara d
082 1 4 _a628.5/يون
100 1 _aيونس، شفيق محمد
245 1 0 _aتلوث البيئة /
264 1 _aعمان :
_bدار الفرقان،
_c1999.
300 _a242ص
650 1 7 _aالتلوث البيئي
650 1 7 _aتلوث المياة
942 _2ddc
_cBK
999 _c72747
_d72747